000 00399nam a2200181Ia 4500
005 20250603145227.0
008 250603s9999 xx 000 0 und d
020 _a9780713581
050 _aKP 70 .A5/
100 _aAnyanwu, C. U.
245 0 _aJurisprudence of sovereignty.
260 _aLagos
260 _bAfricom.
260 _c2011
300 _a573 p
650 _aLagos
942 _cBK
999 _c41246
_d41246